Normal view
MARC view
- Campomayor, John Paul B.
Entry Personal Name
001 - CONTROL NUMBER
- control field: 33218
003 - CONTROL NUMBER IDENTIFIER
- control field: OSt
005 - DATE AND TIME OF LATEST TRANSACTION
- control field: 20181212162250.0
008 - FIXED-LENGTH DATA ELEMENTS
- fixed length control field: 181212|| aca||aabn | a|a d
040 ## - CATALOGING SOURCE
- Original cataloging agency: OSt
- Transcribing agency: OSt
100 ## - HEADING--PERSONAL NAME
- Personal name: Campomayor, John Paul B.
670 ## - SOURCE DATA FOUND
- Source citation: Work cat.: (OSt): Campomayor, John Paul B., Role of cctv in business establishments :, April 2018.
